000 00761nam a2200217 a 4500
001 56482
003 BD-RjUL
005 20211209080413.0
008 161129s1958 bg ||||| |||| 00| 0 ben d
035 _a(BD-RjUL) 56606
040 _aBD-RjUL
_bben
_cBD-RjUL
041 _aben
082 _223
_a891.443
_bDEG 1958
100 _aদেবী, অনুরূপা
_9136174
245 1 0 _aগরীবের মেয়ে /
_cঅনুরূপা দেবী
260 _aঢাকা :
_bগুরুদাস এ্যান্ড সন্স,
_c১৯৫৮ [?]
300 _a৩৫০ পৃ. ;
_c১৮ সেমি .
650 _aবাংলা উপন্যাস
_9167985
650 _aBengali Fictions
_9167986
942 _2ddc
_cBK
999 _c56482
_d56482